Profecia, destino, transubjetividade: movimientos da memória coletiva Fulni-ô, Aguas Belas - PE /

Salvato in:
Dettagli Bibliografici
Autore principale: Dantas, Sérgio Neves
Natura: testo
Tags: Aggiungi Tag
Nessun Tag, puoi essere il primo ad aggiungerne!!

MARC

LEADER 00000 a a2200000 04500
001 47876
003
040
100 |a Dantas, Sérgio Neves  
245 |a Profecia, destino, transubjetividade:   |b movimientos da memória coletiva Fulni-ô, Aguas Belas - PE /  |c Sérgio Neves Dantas  
773 |a volumen9, número17, (2004), páginas 33-54  
999 |c 35805  |d 35805